| 000 | 00744cam a22002651 4500 | ||
|---|---|---|---|
| 001 | 8790 | ||
| 003 | BD-RjUL | ||
| 005 | 20211208234643.0 | ||
| 008 | 140119r19671963nyua b 001 0 eng | ||
| 035 | _a(BD-RjUL)8835 | ||
| 035 | _a(OCoLC)6872467 | ||
| 040 |
_aDLC _cICSU _dOCoLC _dDLC _dBD-RjUL _beng |
||
| 041 | _aeng | ||
| 082 |
_a535 _bDIL 1967 |
||
| 100 | 1 |
_aDitchburn, R. W. _927332 |
|
| 245 | 1 | 0 |
_aLight / _cby R.W. Ditchburn. |
| 250 | _a2d ed. | ||
| 260 |
_aLondon : _bBlackie & Son, _cc1963 [Reprint 1964,1967]. |
||
| 300 |
_a : _bill. ; _c22 cm. |
||
| 504 | _aIncludes bibliographies & Index. | ||
| 505 | 0 | _aVol. 1 , Chapter I-XII -- V. 2, Chapter XIII-XX | |
| 650 | 0 |
_aLight. _927333 |
|
| 942 |
_2ddc _cBK |
||
| 999 |
_c8790 _d8790 |
||